000 01185nam a22003497a 4500
001 3351661
003 OSt
005 20210426105419.0
008 860801s1987 ilu b 000 0 eng
010 _a 86019106
020 _a0815147996
040 _aDLC
_cDLC
_dDLC
_beng
041 _aeng
050 0 0 _aR740
_b.H79 1987
060 _aW 50 H966n
080 _a61
_bH-93
082 0 0 _a610
_219
100 1 _aHurst, J. Willis
_q(John Willis),
_d1920-2011.
245 1 0 _aNotes from a chairman /
_cJ. Willis Hurst.
_b/ by: Year Book Medical Publishers
260 _aChicago
_bYear Book Medical Publishers
_cc1987.
300 _axv, 314 p. ;
_c24 cm.
500 _a"The jottings and essays contained in this volume were written between February 1, 1958, and August 31, 1986"--P. vii.
504 _aIncludes bibliographical references.
650 0 _aMedicine
_xStudy and teaching.
650 0 _aMedicine
_xPhilosophy.
650 2 _aEducation, Medical.
650 2 _aPhilosophy, Medical.
653 _aმედიცინა
653 _aსამედიცინო განათლება
906 _a7
_bcbc
_corignew
_d1
_eocip
_f19
_gy-gencatlg
942 _2udc
_cBK
999 _c942
_d942